| 000 | 01634cam a22002054a 4500 | ||
|---|---|---|---|
| 005 | 20250605164109.0 | ||
| 008 | 250528s ||||||||||||||||||||||||d | ||
| 035 | _a17828 | ||
| 020 | _a9781447335962 | ||
| 040 |
_aGR-AtMCL _bgre _dGR-AtMCL _eAACR2 |
||
| 245 | 1 | _aAgeing in Everyday Life / Materialities and Embodiments | |
| 250 | _a1st | ||
| 260 |
_bPolicy Press, _c2019 |
||
| 300 | _a230 | ||
| 520 | _aThis pathbreaking book changes our understandings of contemporary ageing by providing innovative, theoretically-rich analyses of everyday life, meanings and material culture. Acknowledgements, Introduction, Materiabilities, Things and Possessions, Reinventing the Nursing Home: Metaphors That Design Cate, The Ever-Breaking Wave of Everyday Life: Animating Ageing Movement-Space, What's Exotic About the Best Exotic Marigold Hotel? Cinema and Everyday Life and the Materialization of Ageing, Between Ageing and Ageism: Portrayals of Online Dating in Later Life in Canadian Print Media, Embodiments, Closer to Touch: Sexuality and Embodiment and Masculinity in Older Men's Lives, Ageing Bodies and Driving and Change: Exploring Older Body-Drives Fit in the High-Tech Automobile, Dancing with Dementia: Citizenship and Embodiment and Everyday Life in the Context of Long-Term Care, Why Clothes Matter: The Role of Dress in the Everyday Lives of Older People, Our Fitbits and our (Ageing) Selves: Wearables and Self-Tracking and Ageing Embodiment, Afterword and Relational Entanglements: Ageing and Materialities and Embodiments, Index. | ||
| 700 | 1 |
_aKatz Stephen _94100 |
|
| 942 | _cBK | ||
| 999 |
_c3228 _d3228 |
||